00880pam a2200277 a 4500999001500000001000500015003000900020005001700029008004100046020001500087022001300102040002800115082002100143245007900164260003400243300003900277490001400316500002000330505001100350650003400361650003500395650001400430700002300444942001200467952012300479 c5506d55067027BD-DhUAP20201213120242.0201213s1991 plia b 001 0 eng  a0803114192 210403086 aDLCcDLCdBD-DhUAPbeng00a620.1183 COM22310aComposite materials :bfatigue and fracture /cedited by T. Kevin O'Brien. aPhiladelphia :bASTM,cc1991. avolumes :billustrations ;c23 cm. aSTP 1110. aIncludes index. aV. 3-- 0aComposite materialsxFatigue. 0aComposite materialsxFracture. 0aAluminum. aO'Brien, T. Kevin. 2ddccBK 00102ddc4070aUAPCLbUAPCLcGeneral Stacksd2020-12-13o620.1183 COM V-3p3010007027r2020-12-13t1w2020-12-13yBK